| 000 | 00535nam a2200157 4500 | ||
|---|---|---|---|
| 001 | 148950 | ||
| 003 | ES-MaACL | ||
| 007 | t| | ||
| 008 | 070214q1954 sp r ||||1| spa d | ||
| 100 | 1 |
_aSureda Molina, Guillermo. _9108824 |
|
| 245 | 1 | 3 |
_aEl toreo contemporáneo _b: (1947-1954) / _cGuillermo Sureda Molina ; prólogo de `Selipe` [seud.]. |
| 260 |
_aPalma de Mallorca : _b[s. n.], _c[1954?] ( _fImp. Atlante) |
||
| 300 |
_aV, 218 p., 5 lám. ; _c20 cm. |
||
| 700 | 1 |
_a`Selipe` [seud.] _9105313 |
|
| 852 |
_aES-MaACL _jC-9638 _bR.37828 |
||
| 999 |
_c148950 _d148950 |
||